Problema fakta v občestvennych naukach

Bibliographic Details
Main Author: Černík, Václav, 1931-2017 (Author)
Format: Article
Language:Russian
Slovak
PhysicalDescription:Res. slov., angl., lit. 43 zázn. v slov., ruš.
Subjects:

MARC

LEADER 00000nab a2200000 a 4500
001 vtls000421046
003 SK-MaSNL
005 20260319073951.0
008 160204c1990 xo 0 rus
015 |a SNBRA19rr/mm-uuuuu 
035 |a CL0421174 
040 |a SNKBUCL  |b slo  |c SNKBUCL  |e AACR2 
041 0 |a slo 
044 |a xo  |c SK 
080 |a 165.19  |2 1981 
100 1 |a Černík, Václav,  |d 1931-2017  |4 aut  |9 92701 
245 1 0 |a Problema fakta v občestvennych naukach  |c Václav Černík 
300 |b Res. slov., angl., lit. 43 zázn. v slov., ruš. 
650 0 7 |a poznanie vedecké  |2 snkbucl  |9 898876 
650 0 7 |a fakt spoločenský (fil.)  |2 snkbucl  |9 978468 
655 7 |a články zo zborníkov  |2 snkbucl  |9 166140 
773 0 |t Logica et methodologica 2  |d Bratislava : Univerzita Komenského, 1990  |g S. 71-101 
850 |a Slovenská národná knižnica v Martine  |a MTA001 
852 |a SNK  |b KIS3GCP 
958 |a NB 
958 |a RK 
992 |a RZB 
999 |c 1566447  |d 1568377